| 000 | 00611nam a22001577a 4500 | ||
|---|---|---|---|
| 003 | OSt | ||
| 005 | 20151006131629.0 | ||
| 008 | 151006b xxu||||| |||| 00| 0 eng d | ||
| 040 | _cRUA | ||
| 082 | _aAVM SUY 2000 B072 Or.1 | ||
| 100 |
_92148 _aSUY, PHONEATH. |
||
| 245 | _aA study of cattle raising on small scale in battambang province, ការសិក្សាទៅលើការចិញ្ចឹមគោជាលក្ខណៈគ្រួួសសារ ក្នុងខេត្តបាត់ដំបង | ||
| 260 |
_aPhnom Penh _bRUA _c2000 |
||
| 300 |
_aix; 62p. _bill. _c29cm. |
||
| 942 |
_2ddc _cAVM |
||
| 999 |
_c2019 _d2019 |
||